02290cam a22003374i 4500003000900000005001700009008004100026035001900067040003300086082002000119100003300139245007600172264005400248300002400302336002100326337002500347338002300372505144300395526001001838526001001848526001001858526001001868526000801878526000801886526000801894526000801902526000801910526000801918526000801926650001801934PE-LiUPU20250731173250.0150625s r 000 0 d a(Sirsi) a35544 aPE-LiUPUbspacPE-LiUPUerda04a231.74bBV12211 aGorgulho, Frei G.S.,eautor.10aNo tengan miedo :bapocalipsis y comunidad cristianas /cG.S. Gorgulho. 1aBuenos Aires :bPia Sociedad de San Pablo,c1980. a142 p. ;c19.5 cm. atext2rdacontent aunmediated2rdamedia avolume2rdacarrier0 aUn mensaje de esperanza.- Contenido cristiano del mensaje.- Jesus esta vivo y nos comunnica su vida.- El resucitado esta presente.- El dinamismo de la vida nueva.- La "Palabra Viviente" inicia su juicio.- Vivir los bienes mesiánicos.- La vida en el Espíritu en unión de los apóstoles.- El resucitado abre nuevos horizontes.- El resucitado viene, y nos convoca a la conversión.- El Dios vivo, comunica su propia vida.- La resurreccion es el centro de la vida de Dios.- Consecuencias de la resurrección sobre la historia.- El resucitado obra en la historia para comunicar su vida.- El testimonio de los mártires judíos.- LLega la hora y el día del Señor.- La reunión del pueblo de Dios.- Dios juzga al pueblo de la antigua alianza.- La nueva vocación profética de los cristianos.- Eficacia del testimonio en medio del mundo.- La venida del reino de Dios y del mesías.- Nacimiento del vencedor del mundo.- El resucitado, ya ha vencido al mal.- El poder del perseguidor y los sistemas ideológicos.- La fuerza del evangelio enjuicia la historia.- La victoria sobre el mal es segura.- Destrucción de los perseguidores.- Queda de manifiesto la falsedad de la ciudad.- Fin de la falsedad y de la confusión.- El resucutado es el único vencedor.- Jesucristo salva y orienta a los hombres.- El proceso dialecto de la hostoria.- El mundo nuevo de la celestial Jerusalén.- La esperanza de la venida de Jesucristo. aSEG42 aSEG41 aSEG40 aSEG39 aP94 aP87 aP86 aP85 aP77 aP76 aP3504aCristianismo.